[Event "XIV Festival A"]
[Site "Robecchetto con Induno ITA"]
[Date "2002.12.28"]
[Round "4"]
[White "Petrini, Roberto"]
[Black "Barlocco, Carlo"]
[Result "0-1"]
[WhiteElo "1918"]
[BlackElo "2160"]
[PlyCount "94"]
[EventDate "2002.12.26"]

1. e4 e5 2. Nf3 Nc6 3. Bc4 Nf6 4. d3 Bc5 5. c3 O-O 6. O-O d5 7. exd5 Nxd5 8.
Bg5 Be7 9. Bxe7 Ndxe7 10. Re1 Ng6 11. Nbd2 Bf5 12. Ne4 Na5 13. Bb5 Qd5 14. c4
Qd8 15. Qd2 b6 16. Rad1 a6 17. Ba4 Bd7 18. Bc2 Bg4 19. Qe3 Nc6 20. Rc1 Bxf3 21.
Qxf3 Nd4 22. Qe3 Nf4 23. Nc3 Nxc2 24. Rxc2 Qxd3 25. Qxd3 Nxd3 26. Re3 Nb4 27.
Rd2 Rad8 28. Rxd8 Rxd8 29. Rxe5 Nxa2 30. Rd5 Re8 31. Ne4 f5 32. Ng3 f4 33. Nf1
Re2 34. Rd2 Re4 35. b3 Nc1 36. Rd8+ Kf7 37. f3 Re1 38. Rd7+ Re7 39. Rxe7+ Kxe7
40. Nd2 Kd6 41. Kf2 Kc5 42. g3 Kb4 43. gxf4 Nxb3 44. Ne4 a5 45. f5 a4 46. f6
gxf6 47. Nxf6 Kxc4 0-1

[Event "XIV Festival A"]
[Site "Robecchetto con Induno ITA"]
[Date "2002.12.28"]
[Round "5"]
[White "Aranovitch, Emiliano"]
[Black "Barlocco, Carlo"]
[Result "1-0"]
[WhiteElo "2192"]
[BlackElo "2160"]
[PlyCount "79"]
[EventDate "2002.12.26"]

1. e4 Nc6 2. Nf3 d5 3. exd5 Qxd5 4. Nc3 Qa5 5. h3 Nf6 6. Bb5 Bd7 7. O-O a6 8.
Bc4 e6 9. d4 Rd8 10. d5 Ne7 11. dxe6 Bxe6 12. Qe2 Bxc4 13. Qxc4 Nc6 14. Ng5 Nd5
15. Rd1 Nce7 16. b4 Qxb4 17. Qxb4 Nxb4 18. Rxd8+ Kxd8 19. Nxf7+ Ke8 20. Nxh8
Nxc2 21. Rb1 b5 22. Bb2 Nf5 23. Ne4 Ba3 24. Bxa3 Nxa3 25. Rb3 Nc4 26. Nc5 Nd4
27. Rb1 Ke7 28. Nxa6 Kd6 29. Nf7+ Kc6 30. Nb4+ Kb6 31. Nd3 Ne2+ 32. Kh2 Nc3 33.
Ra1 Na3 34. Ng5 c5 35. Rc1 b4 36. Ne6 Nxa2 37. Rxc5 b3 38. Rc8 Kb7 39. Rg8 Nc1
40. Nb2 1-0

[Event "XIV Festival A"]
[Site "Robecchetto con Induno ITA"]
[Date "2002.12.28"]
[Round "5"]
[White "Brioschi, Camillo"]
[Black "Sala, Gianni"]
[Result "1-0"]
[WhiteElo "1741"]
[BlackElo "1759"]
[PlyCount "113"]
[EventDate "2002.12.26"]

1. d4 Nf6 2. c4 c5 3. Nf3 g6 4. Nc3 Bg7 5. e4 cxd4 6. Nxd4 d6 7. Be2 Bd7 8. Be3
Nc6 9. O-O Qc8 10. b3 Bg4 11. f3 Bd7 12. Qd2 h5 13. Rac1 b6 14. Nd5 Qb7 15.
Nxc6 Bxc6 16. Rc2 Rc8 17. Rfc1 h4 18. Bg5 Bxd5 19. cxd5 Rxc2 20. Qxc2 O-O 21.
Qc7 Qa8 22. Ba6 h3 23. gxh3 Nxd5 24. exd5 Qxd5 25. Be3 Qxf3 26. Qxe7 Bf6 27.
Bb7 Qxh3 28. Qe4 Be5 29. Rc2 Re8 30. Qf3 Qh4 31. Bd5 Re7 32. Rf2 Bxh2+ 33. Rxh2
Qe1+ 34. Kg2 Qxe3 35. Bxf7+ Kg7 36. Qxe3 Rxe3 37. Bc4 Re5 38. Kf3 d5 39. Bd3 d4
40. Re2 Rd5 41. Re7+ Kf6 42. Rxa7 Rc5 43. Ke4 Rc6 44. Kxd4 Rd6+ 45. Ke3 Kg5 46.
Re7 Kg4 47. Rg7 g5 48. Rg6 Rd8 49. Rxb6 Kg3 50. Rg6 Re8+ 51. Kd4 Kf4 52. a4 Rc8
53. a5 g4 54. Bc4 g3 55. a6 Rc7 56. b4 Rd7+ 57. Bd5 1-0

[Event "XIV Festival A"]
[Site "Robecchetto con Induno ITA"]
[Date "2002.12.28"]
[Round "5"]
[White "Cardani, Roberto"]
[Black "Moncelli, Giorgio"]
[Result "1/2-1/2"]
[WhiteElo "1722"]
[BlackElo "2166"]
[PlyCount "96"]
[EventDate "2002.12.26"]

1. e4 e5 2. Nf3 Nc6 3. Bb5 a6 4. Ba4 Nf6 5. O-O Be7 6. Re1 b5 7. Bb3 d6 8. c3
O-O 9. h3 h6 10. d4 Re8 11. Nbd2 Bf8 12. Bc2 Bb7 13. d5 Ne7 14. Nf1 c6 15. dxc6
Nxc6 16. Ne3 g6 17. Nh2 h5 18. Nf3 Bh6 19. h4 Bc8 20. Bb3 Be6 21. Nd5 Bxc1 22.
Rxc1 Bg4 23. Qd3 Nh7 24. Ng5 Na5 25. Bc2 Ra7 26. Nxh7 Kxh7 27. g3 Nc4 28. b3
Nb6 29. Nxb6 Qxb6 30. Bd1 Be6 31. Bf3 Rc8 32. Red1 Rc6 33. Qc2 Rac7 34. Rd3 a5
35. Qd1 Ra7 36. Qd2 a4 37. b4 Bc4 38. Re3 Rd7 39. Qc2 Qd8 40. a3 Qf6 41. Be2 d5
42. Bxc4 Rxc4 43. exd5 Rxd5 44. Rd1 Rxd1+ 45. Qxd1 e4 46. Qd5 Kg7 47. Qxb5 Rxc3
48. Rxc3 Qxc3 1/2-1/2

[Event "XIV Festival A"]
[Site "Robecchetto con Induno ITA"]
[Date "2002.12.28"]
[Round "5"]
[White "De Santis, Alessio"]
[Black "Mrdja, Milan"]
[Result "1/2-1/2"]
[WhiteElo "2267"]
[BlackElo "2368"]
[PlyCount "46"]
[EventDate "2002.12.26"]

1. d4 c5 2. d5 g6 3. c4 Bg7 4. e4 d6 5. Nc3 Nf6 6. Be2 O-O 7. Bg5 Qa5 8. Qd2 a6
9. a4 b5 10. cxb5 axb5 11. Bxb5 Ba6 12. Bxa6 Nxa6 13. Nge2 c4 14. O-O Nc5 15.
Qc2 Rfc8 16. h3 h6 17. Be3 Rab8 18. Nd4 Nb3 19. Ra3 Nxd4 20. Bxd4 Nd7 21. Bxg7
Kxg7 22. Nb5 Kh7 23. f4 Qb4 1/2-1/2

[Event "XIV Festival A"]
[Site "Robecchetto con Induno ITA"]
[Date "2002.12.28"]
[Round "5"]
[White "Di Majo, Carlo"]
[Black "Lucchese, Paolo"]
[Result "1-0"]
[WhiteElo "1800"]
[BlackElo "1836"]
[PlyCount "157"]
[EventDate "2002.12.26"]

1. d4 Nf6 2. Nf3 e6 3. Bf4 b6 4. e3 Bb7 5. Be2 Be7 6. h3 d5 7. O-O O-O 8. Nbd2
Nbd7 9. Bd3 Ne4 10. Ne5 Nxe5 11. Bxe5 f6 12. Bh2 Nxd2 13. Qxd2 Bd6 14. f4 Qe7
15. Qe2 Rae8 16. Rae1 g6 17. c3 Qg7 18. Bb5 c6 19. Ba4 Qc7 20. Bc2 f5 21. Bd3
Kh8 22. Kh1 Rg8 23. Rf2 Qg7 24. Qf3 Bc8 25. g4 Qc7 26. Rg1 Ref8 27. Rfg2 Qf7
28. Qe2 Bb7 29. Bg3 Be7 30. Qe1 Bf6 31. Bh4 Qe7 32. Bxf6+ Qxf6 33. g5 Qe7 34.
h4 Kg7 35. h5 Rh8 36. Qe2 Kf7 37. b4 Ke8 38. hxg6 hxg6+ 39. Rh2 Rxh2+ 40. Qxh2
Qg7 41. Rg3 Rh8 42. Rh3 Rxh3 43. Qxh3 Kf7 44. Kg2 Kg8 45. Kf2 Bc8 46. Kg3 Bd7
47. Qh1 Qe7 48. a3 Be8 49. c4 Qb7 50. cxd5 exd5 51. Qc1 Qe7 52. Be2 Qe4 53. Kf2
Qe7 54. Bf3 Qh7 55. Kg3 Qb7 56. Qc3 Qa6 57. Kf2 Qc4 58. Qxc4 dxc4 59. e4 fxe4
60. Bxe4 Kf7 61. d5 c3 62. Ke3 c2 63. Kd2 c1=Q+ 64. Kxc1 c5 65. bxc5 bxc5 66.
Kd2 Ke7 67. Kc3 Kd6 68. Kc4 a6 69. Kb3 Kc7 70. Kc3 Kd6 71. Kb3 Kc7 72. a4 a5
73. Kc4 Kd6 74. Kb3 Bf7 75. Kc4 Be8 76. f5 gxf5 77. Bxf5 Bxa4 78. g6 Be8 79. g7
1-0

[Event "XIV Festival A"]
[Site "Robecchetto con Induno ITA"]
[Date "2002.12.28"]
[Round "5"]
[White "Orsenigo, Davide"]
[Black "Bianchi, Alberto"]
[Result "0-1"]
[WhiteElo "1678"]
[BlackElo "2044"]
[PlyCount "68"]
[EventDate "2002.12.26"]

1. e4 e5 2. Nf3 Nc6 3. d4 exd4 4. Bc4 Be7 5. c3 Nf6 6. e5 Ne4 7. cxd4 O-O 8.
O-O d5 9. Bb3 Bg4 10. Be3 Ng5 11. Nbd2 Ne6 12. Qb1 Ng5 13. Nxg5 Bxg5 14. f4 Bh6
15. h3 Be6 16. Bc2 g6 17. Nf3 f5 18. a3 Na5 19. Kf2 Nc4 20. h4 Nxe3 21. Kxe3 b6
22. Ng5 Bxg5 23. hxg5 c5 24. Rh1 cxd4+ 25. Kd2 Qd7 26. Rh6 Rac8 27. Qf1 Rc7 28.
Qe2 Rfc8 29. Rc1 Rc4 30. Rhh1 Qc6 31. Qd1 Qb5 32. b4 Rc3 33. Qf1 Qd7 34. Qa6
Qc7 0-1

[Event "XIV Festival A"]
[Site "Robecchetto con Induno ITA"]
[Date "2002.12.28"]
[Round "5"]
[White "Scuderi, David"]
[Black "Petrini, Roberto"]
[Result "0-1"]
[WhiteElo "1765"]
[BlackElo "1918"]
[PlyCount "90"]
[EventDate "2002.12.26"]

1. e4 e5 2. Nf3 Nc6 3. Bb5 a6 4. Bxc6 dxc6 5. O-O Bg4 6. d3 Qf6 7. Be3 Bd6 8.
Nbd2 Ne7 9. d4 O-O-O 10. c3 Ng6 11. Bg5 Qxg5 12. Nxg5 Bxd1 13. Raxd1 Rd7 14.
Nc4 exd4 15. Nxd6+ cxd6 16. Rxd4 Nf4 17. Re1 f6 18. Nf3 Re8 19. g3 Ne6 20. Rdd1
Nc5 21. Rd4 Kc7 22. b3 Rde7 23. Nd2 d5 24. f3 dxe4 25. fxe4 f5 26. Kg2 Nxe4 27.
Nxe4 Rxe4 28. Rf1 Rxd4 29. cxd4 Re2+ 30. Kh3 g6 31. g4 fxg4+ 32. Kg3 h5 33.
Rf7+ Kb6 34. Rg7 Rxa2 35. Rxg6 Ra5 36. Kh4 Rd5 37. Rg5 Rxd4 38. Rxh5 c5 39. Rg5
Kb5 40. Rxg4 Kb4 41. Kg5 Rxg4+ 42. Kxg4 c4 43. bxc4 a5 44. h4 a4 45. h5 a3 0-1

[Event "XIV Festival A"]
[Site "Robecchetto con Induno ITA"]
[Date "2002.12.28"]
[Round "5"]
[White "Sgnaolin, Davide"]
[Black "Borroni, Enrico"]
[Result "1-0"]
[WhiteElo "2118"]
[BlackElo "1950"]
[PlyCount "73"]
[EventDate "2002.12.26"]

1. e4 c6 2. Nf3 d5 3. Nc3 dxe4 4. Nxe4 Bg4 5. h3 Bh5 6. Ng3 Bxf3 7. Qxf3 e6 8.
Be2 Nf6 9. O-O Be7 10. Rd1 Nbd7 11. d4 O-O 12. a4 Qc7 13. a5 a6 14. Bf4 Bd6 15.
Bxd6 Qxd6 16. Ra3 Rfe8 17. Ne4 Nxe4 18. Qxe4 Nf6 19. Qh4 e5 20. Rg3 e4 21. Bc4
Kf8 22. Qg5 g6 23. Qh6+ Ke7 24. Re3 Kd7 25. Bxf7 Re7 26. Bb3 Nd5 27. Ree1 Rae8
28. c4 Nb4 29. c5 Qf6 30. d5 Nxd5 31. Bxd5 Kc7 32. Qe3 cxd5 33. Rxd5 Qxb2 34.
Red1 Qf6 35. c6 Qb2 36. Qf4+ Re5 37. Qf7+ 1-0

[Event "XIV Festival A"]
[Site "Robecchetto con Induno ITA"]
[Date "2002.12.28"]
[Round "5"]
[White "Strada, Stefano"]
[Black "Isella, Lorenzo"]
[Result "1/2-1/2"]
[WhiteElo "1791"]
[BlackElo "1720"]
[PlyCount "77"]
[EventDate "2002.12.26"]

1. c4 c6 2. Nc3 d5 3. d4 Nf6 4. Nf3 e6 5. cxd5 exd5 6. a3 Bf5 7. e3 Bd6 8. Bd3
Bxd3 9. Qxd3 a5 10. Bd2 Nbd7 11. Rc1 O-O 12. O-O Re8 13. Ne2 a4 14. Nc3 Ne4 15.
Qc2 Nb6 16. Rfd1 Re6 17. Be1 f5 18. Ne2 Nc4 19. Nf4 Rh6 20. g3 g5 21. Nd3 g4
22. Nfe5 Bxe5 23. Nxe5 Nxe5 24. dxe5 Qg5 25. Rd4 Qh5 26. Rxa4 Qxh2+ 27. Kf1
Nxg3+ 28. fxg3 Qh1+ 29. Ke2 Rh2+ 30. Kd3 Qf1+ 31. Kd4 c5+ 32. Qxc5 Rxa4+ 33. b4
Ra8 34. Qxd5+ Kh8 35. Qd7 Qxe1 36. Rc8+ Rxc8 37. Qxc8+ Kg7 38. Qd7+ Kg6 39.
Qe6+ 1/2-1/2

[Event "XIV Festival A"]
[Site "Robecchetto con Induno ITA"]
[Date "2002.12.28"]
[Round "5"]
[White "Ticozzi, Stefano"]
[Black "Corti, Corrado"]
[Result "1/2-1/2"]
[WhiteElo "1851"]
[BlackElo "2030"]
[PlyCount "29"]
[EventDate "2002.12.26"]

1. d4 d5 2. Nf3 Nf6 3. Bg5 e6 4. e3 Be7 5. Bd3 Nbd7 6. Nbd2 O-O 7. O-O b6 8. c3
Bb7 9. Qe2 c5 10. Ne5 Ne8 11. Nxd7 Qxd7 12. Bxe7 Qxe7 13. dxc5 bxc5 14. e4 Rd8
15. exd5 1/2-1/2

[Event "XIV Festival A"]
[Site "Robecchetto con Induno ITA"]
[Date "2002.12.28"]
[Round "5"]
[White "Tomasi, Diego"]
[Black "Annoni, Riccardo"]
[Result "1/2-1/2"]
[WhiteElo "2037"]
[BlackElo "1858"]
[PlyCount "46"]
[EventDate "2002.12.26"]

1. d4 d5 2. Nf3 Nf6 3. g3 c6 4. Bg2 Bf5 5. O-O e6 6. c4 Bd6 7. Qb3 Qb6 8. Nbd2
Qxb3 9. axb3 O-O 10. c5 Bc7 11. h3 h6 12. b4 Na6 13. Ra4 Nb8 14. Ne1 Nbd7 15.
f4 b5 16. Ra6 Nb8 17. Ra3 a5 18. bxa5 Rxa5 19. Rff3 Na6 20. Rxa5 Bxa5 21. Ra3
Bxd2 22. Bxd2 Ra8 23. Ba5 Rf8 1/2-1/2

[Event "XIV Festival A"]
[Site "Robecchetto con Induno ITA"]
[Date "2002.12.29"]
[Round "6"]
[White "Annoni, Riccardo"]
[Black "Ticozzi, Stefano"]
[Result "0-1"]
[WhiteElo "1858"]
[BlackElo "1851"]
[PlyCount "52"]
[EventDate "2002.12.26"]

1. e4 c5 2. Nc3 Nc6 3. g3 d6 4. Bg2 g6 5. d3 Bg7 6. Be3 e6 7. Qd2 Nge7 8. Bh6
O-O 9. h4 f5 10. h5 Rf7 11. hxg6 hxg6 12. Bxg7 Rxg7 13. O-O-O Nd4 14. Nf3 Nxf3
15. Bxf3 Qf8 16. d4 Nc6 17. dxc5 dxc5 18. Qh6 Nd4 19. exf5 Qxf5 20. Be4 Qf6 21.
Rh4 Kf7 22. Rf4 Nf5 23. g4 Nxh6 24. Rxf6+ Kxf6 25. g5+ Kxg5 26. Rd8 Rg8 0-1

[Event "XIV Festival A"]
[Site "Robecchetto con Induno ITA"]
[Date "2002.12.29"]
[Round "6"]
[White "Bianchi, Alberto"]
[Black "Cardani, Roberto"]
[Result "1-0"]
[WhiteElo "2044"]
[BlackElo "1722"]
[PlyCount "103"]
[EventDate "2002.12.26"]

1. e4 c5 2. Nf3 d6 3. Nc3 Nf6 4. d3 Nc6 5. h3 g6 6. g3 Bg7 7. Bg2 O-O 8. O-O a6
9. Be3 Nd7 10. Qd2 Re8 11. Bh6 Bh8 12. Nh2 Nd4 13. Nd1 Rb8 14. c3 Ne6 15. f4
Nf6 16. Ne3 Bg7 17. Bxg7 Nxg7 18. g4 h5 19. Rf2 Rf8 20. Raf1 Bd7 21. f5 Be8 22.
fxg6 fxg6 23. Nd5 Nh7 24. Rxf8+ Nxf8 25. Qg5 Nh7 26. Nxe7+ Kh8 27. Nxg6+ Bxg6
28. Qxg6 Qg5 29. Qxg5 Nxg5 30. h4 N5e6 31. Rf6 Rf8 32. Rxf8+ Nxf8 33. gxh5 Nxh5
34. Kf2 Ng6 35. Nf3 Nhf4 36. Bf1 Kg7 37. Kg3 Kh6 38. d4 Nh5+ 39. Kf2 Nf6 40. e5
dxe5 41. dxe5 Ng4+ 42. Kg3 N4xe5 43. Nd2 Kg7 44. Ne4 Nd7 45. Nd6 b5 46. Ne8+
Kf8 47. Nc7 Nb8 48. Ne6+ Ke7 49. Nxc5 Kd6 50. Nd3 Nc6 51. Bg2 Na5 52. b3 1-0

[Event "XIV Festival A"]
[Site "Robecchetto con Induno ITA"]
[Date "2002.12.29"]
[Round "6"]
[White "Borroni, Enrico"]
[Black "Brioschi, Camillo"]
[Result "1/2-1/2"]
[WhiteElo "1950"]
[BlackElo "1741"]
[PlyCount "26"]
[EventDate "2002.12.26"]

1. d4 d5 2. Nf3 Nf6 3. Nbd2 b6 4. c3 Bb7 5. Ne5 e6 6. e3 Bd6 7. Bd3 O-O 8. O-O
Nbd7 9. f4 Ne4 10. Qe2 a6 11. Rf3 f6 12. Nxd7 Qxd7 13. Rh3 Qf7 1/2-1/2

[Event "XIV Festival A"]
[Site "Robecchetto con Induno ITA"]
[Date "2002.12.29"]
[Round "6"]
[White "Corti, Corrado"]
[Black "Petrini, Roberto"]
[Result "0-1"]
[WhiteElo "2030"]
[BlackElo "1918"]
[PlyCount "72"]
[EventDate "2002.12.26"]

1. d4 Nf6 2. g3 g6 3. Bg2 Bg7 4. e4 O-O 5. Ne2 d6 6. O-O c5 7. d5 Na6 8. c4 Nc7
9. Nbc3 a6 10. a4 Rb8 11. a5 b5 12. axb6 Na8 13. b7 Bxb7 14. Ra3 Nb6 15. b3 Re8
16. Qc2 e6 17. dxe6 fxe6 18. Rd1 Ng4 19. h3 Ne5 20. f4 Nc6 21. e5 Nb4 22. Qb1
Bxg2 23. Kxg2 d5 24. Na4 Nxa4 25. Rxa4 Qb6 26. Ba3 Qc6 27. Bxb4 dxc4+ 28. Kf2
cxb4 29. Rd6 Qc5+ 30. Kf1 a5 31. Qc2 c3 32. Qd3 c2 33. Nc1 Bxe5 34. fxe5 Rf8+
35. Kg2 Qf2+ 36. Kh1 Qe1+ 0-1

[Event "XIV Festival A"]
[Site "Robecchetto con Induno ITA"]
[Date "2002.12.29"]
[Round "6"]
[White "Isella, Lorenzo"]
[Black "Cillo, Angelo"]
[Result "1-0"]
[WhiteElo "1720"]
[BlackElo "1677"]
[PlyCount "63"]
[EventDate "2002.12.26"]

1. d4 d5 2. c4 e6 3. Nc3 Nf6 4. Bg5 Nbd7 5. cxd5 exd5 6. e3 c6 7. Bd3 Be7 8.
Nf3 O-O 9. O-O Re8 10. Qc2 Nf8 11. Rab1 Be6 12. b4 Rc8 13. Rfc1 N6d7 14. Bxe7
Qxe7 15. a4 Rc7 16. Qb2 Rec8 17. Nd2 Qg5 18. Nb3 Bh3 19. Bf1 Bf5 20. Ra1 Ne6
21. Nc5 Nb6 22. Qb3 h5 23. Kh1 Qh4 24. Nd1 Bg4 25. Ra2 Qf6 26. Rd2 Ng5 27. Nb2
h4 28. h3 Bf5 29. Bd3 Nc4 30. Nxc4 dxc4 31. Qxc4 Bxh3 32. f4 1-0

[Event "XIV Festival A"]
[Site "Robecchetto con Induno ITA"]
[Date "2002.12.29"]
[Round "6"]
[White "Moncelli, Giorgio"]
[Black "Di Majo, Carlo"]
[Result "1-0"]
[WhiteElo "2166"]
[BlackElo "1800"]
[PlyCount "49"]
[EventDate "2002.12.26"]

1. e4 c6 2. d4 d5 3. Nc3 dxe4 4. Nxe4 Nf6 5. Nxf6+ exf6 6. c3 Bd6 7. Bc4 Qe7+
8. Ne2 Be6 9. Bxe6 fxe6 10. O-O O-O 11. Bf4 Na6 12. Qb3 Rab8 13. Rfe1 Rfe8 14.
Rad1 Nc7 15. c4 b5 16. c5 Bxf4 17. Nxf4 Qd7 18. Nh5 Qd5 19. Nxf6+ gxf6 20. Qg3+
Kh8 21. Qxc7 Rg8 22. g3 Rbd8 23. Qe7 Rg6 24. Rxe6 Rdg8 25. Rxf6 1-0

[Event "XIV Festival A"]
[Site "Robecchetto con Induno ITA"]
[Date "2002.12.29"]
[Round "6"]
[White "Scuderi, David"]
[Black "Strada, Stefano"]
[Result "0-1"]
[WhiteElo "1765"]
[BlackElo "1791"]
[PlyCount "66"]
[EventDate "2002.12.26"]

1. e4 e6 2. d4 b6 3. Nc3 Bb7 4. Bd3 Nf6 5. Nf3 Bb4 6. Qe2 d5 7. exd5 Nxd5 8.
Bd2 Nxc3 9. bxc3 Be7 10. O-O Nd7 11. Be4 Bxe4 12. Qxe4 O-O 13. c4 c5 14. d5 Nf6
15. Qe5 exd5 16. cxd5 Nxd5 17. Rad1 Bf6 18. Qe4 Re8 19. Qc4 Nc7 20. Bg5 Qe7 21.
Rfe1 Ne6 22. Bf4 Rad8 23. Be5 Rxd1 24. Rxd1 Rd8 25. Re1 h6 26. a4 Bxe5 27. Nxe5
Rd4 28. Qa6 Qc7 29. Qb5 Rd8 30. Nc6 a6 31. Ne7+ Qxe7 32. Qxb6 Qd6 33. Qa5 Qd2
0-1

[Event "II Festival A"]
[Site "Letojanni ITA"]
[Date "2002.12.21"]
[Round "1"]
[White "Antoniacci, Riccardo"]
[Black "Valenti, Giuseppe"]
[Result "0-1"]
[WhiteElo "1927"]
[BlackElo "2230"]
[PlyCount "86"]
[EventDate "2002.12.21"]

1. e4 c5 2. Nf3 e6 3. d3 d5 4. Nbd2 Nc6 5. g3 Nf6 6. Bg2 Be7 7. O-O O-O 8. e5
Nd7 9. Re1 Qc7 10. Qe2 b5 11. Nf1 a5 12. h4 b4 13. Bf4 Ba6 14. Ne3 Nb6 15. b3
Rfc8 16. Ng5 Nd4 17. Qh5 Bxg5 18. hxg5 Bb7 19. f3 Nd7 20. Kf2 Nf8 21. Rh1 Nf5
22. Ng4 c4 23. Bf1 cxb3 24. cxb3 Qb6+ 25. Be3 Rc2+ 26. Be2 d4 27. Bf4 Qc6 28.
Nf6+ gxf6 29. gxf6 Rxe2+ 30. Kxe2 Qc2+ 31. Ke1 Qxd3 32. Rd1 Qxf3 33. Qg5+ Ng6
34. Rh2 h6 35. Rxh6 Nxh6 36. Qxh6 Qh1+ 37. Qxh1 Bxh1 38. Rxd4 Bd5 39. Kd2 Rc8
40. Rd3 Kf8 41. Bh6+ Ke8 42. Bf4 Kd7 43. Ke3 Rc2 0-1

[Event "II Festival A"]
[Site "Letojanni ITA"]
[Date "2002.12.21"]
[Round "1"]
[White "Chilingirova, Pavlina"]
[Black "Bonetti, Carlo"]
[Result "1-0"]
[WhiteElo "2216"]
[BlackElo "1778"]
[PlyCount "77"]
[EventDate "2002.12.21"]

1. c4 Nf6 2. Nc3 d6 3. d4 Nbd7 4. e4 e5 5. g3 Be7 6. Nge2 c6 7. Bg2 a6 8. d5 a5
9. O-O O-O 10. a3 Re8 11. Rb1 h6 12. h3 Qc7 13. Be3 Nh7 14. Qd2 a4 15. Rfd1
Nhf6 16. c5 cxd5 17. cxd6 Qxd6 18. Nxd5 Nxd5 19. Qxd5 Qxd5 20. Rxd5 Bf8 21. Nc3
b6 22. Bf1 Nc5 23. Bb5 Re6 24. Rd8 Rd6 25. Rxd6 Bxd6 26. Rd1 Be7 27. Bc6 Ra5
28. Kg2 Be6 29. Bxc5 Bxc5 30. Rd8+ Kh7 31. Nxa4 Bd4 32. Ra8 Rxa8 33. Bxa8 Kg6
34. Nc3 Bc4 35. Bd5 Bxc3 36. bxc3 Bxd5 37. exd5 b5 38. Kf3 f5 39. c4 1-0

[Event "II Festival A"]
[Site "Letojanni ITA"]
[Date "2002.12.21"]
[Round "1"]
[White "De Propris, Gabriele"]
[Black "Marano, Salvatore"]
[Result "1-0"]
[WhiteElo "1719"]
[BlackElo "1827"]
[PlyCount "59"]
[EventDate "2002.12.21"]

1. e4 Nc6 2. d4 e5 3. d5 Nce7 4. c4 Nf6 5. Nc3 Ng6 6. Be2 Bb4 7. Qc2 d6 8. Be3
O-O 9. h3 Bc5 10. Bxc5 dxc5 11. g3 Ne8 12. Bg4 Nd6 13. Nb5 f5 14. Nxd6 fxg4 15.
Nf5 Qg5 16. hxg4 Qxg4 17. f3 Qg5 18. Nh3 Qf6 19. g4 Nh4 20. Ng1 Bxf5 21. exf5
g6 22. Qf2 g5 23. O-O-O Qa6 24. b3 b5 25. cxb5 Qxb5 26. Qe3 h6 27. Nh3 Ng2 28.
Qd2 Nf4 29. Nxf4 exf4 30. Rxh6 1-0

[Event "II Festival A"]
[Site "Letojanni ITA"]
[Date "2002.12.21"]
[Round "1"]
[White "Fabiano, Giuseppe"]
[Black "Bondielli, Giorgio"]
[Result "1-0"]
[WhiteElo "2278"]
[BlackElo "2006"]
[PlyCount "79"]
[EventDate "2002.12.21"]

1. e4 e5 2. Nf3 Nf6 3. Nxe5 d6 4. Nxf7 Kxf7 5. Nc3 Be7 6. d4 Rf8 7. Bc4+ Be6 8.
d5 Bg4 9. f3 Bh5 10. O-O Nbd7 11. g4 Bg6 12. g5 Ne8 13. f4 Kg8 14. h4 Bf7 15.
h5 Qc8 16. Be2 Qd8 17. Be3 Nb6 18. a4 a5 19. Qd4 Nd7 20. Rf2 c5 21. Qd2 Qb6 22.
Ra3 Rb8 23. Rg2 g6 24. h6 Nc7 25. Rb3 Qa7 26. Nb5 Nxb5 27. Bxb5 Rfd8 28. c4 b6
29. Rd3 Bf8 30. Qc3 Re8 31. Bxd7 Qxd7 32. e5 Qxa4 33. e6 Bxe6 34. dxe6 Rxe6 35.
b3 Qb4 36. Qc1 Rbe8 37. Kf1 Rxe3 38. Rxe3 Ra8 39. Qd1 a4 40. Qd5+ 1-0

[Event "II Festival A"]
[Site "Letojanni ITA"]
[Date "2002.12.21"]
[Round "1"]
[White "Hocevar, Nikola"]
[Black "Rotstein, Arkadij"]
[Result "0-1"]
[WhiteElo "2100"]
[BlackElo "2544"]
[PlyCount "52"]
[EventDate "2002.12.21"]

1. c4 f5 2. d4 Nf6 3. Nf3 g6 4. Nc3 Bg7 5. e3 O-O 6. Bd3 d6 7. O-O Nc6 8. d5
Ne5 9. Be2 Nxf3+ 10. Bxf3 e5 11. dxe6 c6 12. Rb1 Bxe6 13. b3 Ng4 14. Ne2 Ne5
15. Nf4 Bf7 16. Be2 Qc7 17. Bb2 a5 18. Kh1 a4 19. Qd4 axb3 20. axb3 Ra2 21.
Rfd1 Rxb2 22. Qxb2 Ng4 23. Qd2 Nxf2+ 24. Kg1 Nxd1 25. Rxd1 Re8 26. Qxd6 Qb6 0-1

[Event "II Festival A"]
[Site "Letojanni ITA"]
[Date "2002.12.21"]
[Round "1"]
[White "Messina, Elia"]
[Black "Cacciola, Alfredo"]
[Result "1/2-1/2"]
[WhiteElo "2147"]
[BlackElo "1731"]
[PlyCount "88"]
[EventDate "2002.12.21"]

1. e4 c5 2. Nf3 d6 3. d4 cxd4 4. Nxd4 Nf6 5. Nc3 g6 6. Be2 Bg7 7. O-O O-O 8.
Be3 Nc6 9. f4 Bd7 10. Kh1 a6 11. a4 Qc7 12. f5 Rfd8 13. Nb3 Na5 14. Bg5 Bc6 15.
Bf3 Nxb3 16. cxb3 Qa5 17. Bd2 Qc7 18. Rc1 Qd7 19. b4 d5 20. exd5 Nxd5 21. Nxd5
Bxd5 22. Bxd5 Qxd5 23. Bg5 Qxd1 24. Rcxd1 f6 25. Be3 gxf5 26. Rde1 e6 27. Bb6
Re8 28. Rd1 Kf7 29. Rd7+ Re7 30. Rxe7+ Kxe7 31. Rc1 Rb8 32. Rc7+ Kf8 33. h3 Kg8
34. Ba7 Re8 35. Rxb7 e5 36. Kg1 f4 37. Kf2 e4 38. Rd7 f5 39. Bd4 Bxd4+ 40. Rxd4
Rb8 41. g4 e3+ 42. Ke2 fxg4 43. Rxf4 gxh3 44. Kxe3 h2 1/2-1/2

[Event "II Festival A"]
[Site "Letojanni ITA"]
[Date "2002.12.21"]
[Round "1"]
[White "Motzer, Heinrich"]
[Black "Trabert, Bettina"]
[Result "0-1"]
[WhiteElo "2044"]
[BlackElo "2319"]
[PlyCount "80"]
[EventDate "2002.12.21"]

1. e4 e5 2. Nf3 Nc6 3. Bb5 a6 4. Ba4 Nf6 5. O-O Be7 6. Qe2 b5 7. Bb3 d6 8. c3
O-O 9. a4 b4 10. d3 Rb8 11. Bc2 d5 12. exd5 Qxd5 13. Nbd2 bxc3 14. bxc3 Bg4 15.
h3 Bh5 16. Rb1 Rxb1 17. Bxb1 Qa5 18. Nc4 Qxc3 19. Bb2 Qb3 20. Ncxe5 Nxe5 21.
Bxe5 Qxa4 22. Bxc7 Re8 23. Be5 Qc6 24. g4 Nxg4 25. hxg4 Bxg4 26. Kg2 f6 27. d4
Qxf3+ 28. Qxf3 Bxf3+ 29. Kxf3 fxe5 30. dxe5 Bb4 31. Ke4 a5 32. Rd1 g6 33. Rd7
Re7 34. e6 Kf8 35. Ke5 Rxd7 36. exd7 Ke7 37. d8=Q+ Kxd8 38. Kf6 a4 39. Kg7 h5
40. Kxg6 h4 0-1

[Event "II Festival A"]
[Site "Letojanni ITA"]
[Date "2002.12.21"]
[Round "1"]
[White "Ortega, Lexy"]
[Black "Pircher, Karl"]
[Result "1-0"]
[WhiteElo "2452"]
[BlackElo "2058"]
[PlyCount "57"]
[EventDate "2002.12.21"]

1. d4 Nf6 2. Nf3 g6 3. c4 Bg7 4. g3 b6 5. Nc3 Bb7 6. d5 O-O 7. Bg2 a5 8. O-O
Na6 9. Nd4 Nc5 10. e4 d6 11. Rb1 Qd7 12. b3 Ng4 13. h3 Ne5 14. Be3 Qd8 15. Qd2
Re8 16. f4 Ned7 17. a3 Nf8 18. b4 axb4 19. axb4 Ncd7 20. Nc6 Qc8 21. Bd4 e5 22.
Be3 Ra3 23. Nb5 Ra6 24. f5 Bxc6 25. dxc6 Nb8 26. Nc3 gxf5 27. exf5 Ra3 28. b5
h5 29. Nd5 1-0

[Event "II Festival A"]
[Site "Letojanni ITA"]
[Date "2002.12.21"]
[Round "1"]
[White "Santagati, Alessandro"]
[Black "Cappadona, Salvatore"]
[Result "1-0"]
[WhiteElo "1749"]
[BlackElo "2192"]
[PlyCount "53"]
[EventDate "2002.12.21"]

1. d4 Nf6 2. Nf3 g6 3. Bf4 Bg7 4. e3 O-O 5. Be2 d6 6. c3 c5 7. Nbd2 Nc6 8. O-O
Bf5 9. h3 cxd4 10. exd4 Nd5 11. Bh2 e5 12. g4 Bc8 13. Ne4 Nf4 14. Bxf4 exf4 15.
Qb3 d5 16. Nc5 b6 17. Nd3 Re8 18. Nxf4 Re4 19. Bb5 Nxd4 20. Nxd4 Rxf4 21. Rae1
Re4 22. Bc6 Be6 23. Rxe4 dxe4 24. Nxe6 fxe6 25. Qxe6+ Kh8 26. Bxa8 Qxa8 27. Re1
1-0

[Event "II Festival A"]
[Site "Letojanni ITA"]
[Date "2002.12.21"]
[Round "1"]
[White "Tuttobene, Sergio"]
[Black "Alibrandi, Alfredo"]
[Result "1/2-1/2"]
[WhiteElo "2113"]
[BlackElo "1693"]
[PlyCount "66"]
[EventDate "2002.12.21"]

1. d4 d5 2. e3 Nf6 3. Bd3 c6 4. Nd2 Nbd7 5. f4 Nb6 6. Qe2 Bg4 7. Ngf3 e6 8. c3
Bd6 9. O-O Qe7 10. b3 O-O 11. c4 c5 12. g3 Rfd8 13. Bb2 Rac8 14. a3 Nbd7 15.
Kg2 h6 16. Rfe1 Nb8 17. e4 Nxe4 18. Nxe4 dxe4 19. Bxe4 cxd4 20. h3 Bxf3+ 21.
Qxf3 a5 22. Bxd4 Bc5 23. Bc3 Bd4 24. h4 Qc5 25. Rad1 Bxc3 26. Qxc3 Qxa3 27.
Bxb7 Rxd1 28. Rxd1 Re8 29. Qe3 a4 30. Qb6 axb3 31. Rd8 Rxd8 32. Qxd8+ Qf8 33.
Qb6 Qa3 1/2-1/2